ZAMANINDA YOLCULUK (Record no. 1077727)

MARC details
000 -LEADER
sabit uzunluktaki kontrol alanı 00241nam a2200097Ia 4500
001 - KONTROL NUMARASI
kontrol alanı 1077727
005 - EN SON İŞLEMİN TARİH VE ZAMANI
kontrol alanı 20250827002321.0
008 - SABİT-UZUNLUKTA VERİ ÖĞELERİ--GENEL BİLGİ
sabit uzunluktaki kontrol alanı 250824s9999 xx 000 0 und d
245 #0 - ESER / YAZAR
ESER ADI ZAMANINDA YOLCULUK
Yazar Adı DERYA DİNÇ
260 ## - YAYIN, DAĞITIM, VB.
YAYIN EVİ BETA YAYINLARI
Holdings
Düşüm durumu Kayıp durumu Hasar Durumu Ödünç verilmez Ana kütüphane Geçerli Kütüphane Edinilen tarih Toplam ödünç verme sayısı Barkod Son görüntüleme tarihi Son ödünç verme tarihi Fiyatın geçerli olmaya başladığı tarih Koha materyal türü
        OVA UN İLKOKULU OVA UN İLKOKULU 24.08.2025 1 10841032 16.12.2025 09.12.2025 27.08.2025 Books